000 00691cam a2200205 i 4500
005 20251214094220.0
008 250721s2000 sy gr 000 0 ara d
020 _a1575477580
082 1 4 _a216.53
_bز ح ي
100 1 _aالزحيلي، وهبة
_eمؤلف.
245 1 2 _aالأسرة المسلمة في العالم المعاصر /
_cأ.د. وهبة الزحيلي.
250 _aالطبعة الأولى.
264 3 1 _aبيروت :
_bدار الفكر المعاصر،
_c2000.
300 _a350 صفحة.
650 1 7 _aالإسلام.
650 1 7 _aالفقه الإسلامي.
650 1 7 _aالحقوق الأسرية.
942 _2ddc
_cBK
999 _c6478
_d6478